000 00922cam a22001815a 4500
001 L156047
008 120426s1839 xxk f 000 0 eng d
035 _a(Sirsi) u156047
041 0 _aeng
100 1 _aDavy, Christopher
245 0 4 _aThe architect, engineer, and operative builder's constructive manual, or, A practical and scientific treatise on the construction of artificial foundations for buildings, railways, &c
_bwith a comparative view of the application of piling and concreting to such purpose ... ; to which is added, an analysis of the principal legal enactments affecting the operations of the practical builder
_cby Christopher Davy .. ; part I
260 _aLondon
_bJ. Williams
_c1839
300 _alxvi, 179 p., 13 leaves of plates
_bfront
_c22 cm.
583 _aCondition reviewed
_c20120620
_lcondition level 1
651 4 _aGreat Britain
_y1707-
690 _aDesign and specification
942 _n0
999 _c114004
_d114004